| 000 | 00460nam a22001697a 4500 | ||
|---|---|---|---|
| 999 |
_c523868 _d523868 |
||
| 003 | NUST | ||
| 038 | _awaseem | ||
| 082 |
_a491.4309 _bTAR |
||
| 100 |
_aTariq, Shamim _914690 |
||
| 245 |
_aPakistani Urdu Loghat / _cShamim Tariq |
||
| 260 |
_aLahore : _bMajlis-e-Taraqi-e-Adab, _c2012. |
||
| 300 | _a432 p. ; | ||
| 500 | _aHardcover. | ||
| 880 |
_6100-02\r _aشمیم طارق |
||
| 880 |
_6245-02\r _aپاکستانی اُردو لغات / |
||
| 942 |
_2ddc _cBK |
||